<?xml version="1.0" encoding="UTF-8"?>
<collection xmlns="http://www.loc.gov/MARC21/slim">
 <record>
  <leader>03022nam a2200361 a 4500</leader>
  <controlfield tag="001">1/49160</controlfield>
  <controlfield tag="008">191111suuu     gr        b   00010 gre  </controlfield>
  <datafield tag="020" ind1=" " ind2=" ">
   <subfield code="a">9608664713</subfield>
  </datafield>
  <datafield tag="035" ind1=" " ind2=" ">
   <subfield code="l">52160</subfield>
  </datafield>
  <datafield tag="040" ind1=" " ind2=" ">
   <subfield code="a">GR-PeUP</subfield>
  </datafield>
  <datafield tag="082" ind1="0" ind2="0">
   <subfield code="a">305.42 ΕΝΣ</subfield>
  </datafield>
  <datafield tag="245" ind1="0" ind2="2">
   <subfield code="a">Η ενσωμάτωση του φύλου στην εργονομική ανάλυση :</subfield>
   <subfield code="b">στρατηγικές για την μετεξέλιξη της εργασίας των γυναικών /</subfield>
   <subfield code="c">επιμέλεια Κάρεν Μέσινγκ ; μετάφραση από την αγγλική γλώσσα Μαρία Κορρέ.</subfield>
  </datafield>
  <datafield tag="260" ind1="0" ind2=" ">
   <subfield code="a">Αθήνα :</subfield>
   <subfield code="b">Ένωση Διπλωματούχων Ελληνίδων Μηχανικών,</subfield>
   <subfield code="c">[199-].</subfield>
  </datafield>
  <datafield tag="300" ind1=" " ind2=" ">
   <subfield code="a">205 σ. ;</subfield>
   <subfield code="c">24 εκ.</subfield>
  </datafield>
  <datafield tag="500" ind1=" " ind2=" ">
   <subfield code="a">Μετάφραση του: Integrating gender in ergonomic analysis.</subfield>
  </datafield>
  <datafield tag="500" ind1=" " ind2=" ">
   <subfield code="a">Έρευνα προσανατολισμένη στη δράση σε συνεργασία του Πανεπιστημίου του Κεμπέκ με σωματεία.</subfield>
  </datafield>
  <datafield tag="500" ind1=" " ind2=" ">
   <subfield code="a">Περιεχόμενα: Η συμβολή του Κέμπεκ σε μια συζήτηση στην οποία θα λάβουν μέρος και τα συνδικάτα της Ευρώπης -- Εργασία και υγεία για τις γυναίκες της Ευρώπης -- Η ενσωμάτωση του φύλου στην εργονομική ανάλυση, στρατηγικές για την αλλαγή της εργασίας της γυναίκας -- Εισαγωγή -- Η γυναικεία συμμετοχή στον αγώνα για την επαγγελματική υγεία -- Επαγγελματική υγεία στο Κεμπέκ -- Το πρόγραμμα Πανεπιστημίου-σωματείου για την επαγγελματική υγεία -- Έρευνα με προσανατολισμό την δράση - μια προσέγγιση -- Μελέτες περιπτώσεων -- Περίληψη και προοπτικές -- Πίνακες -- Εικόνες -- Σημειώσεις και παραπομπές.</subfield>
  </datafield>
  <datafield tag="504" ind1=" " ind2=" ">
   <subfield code="a">Περιέχει βιβλιογραφία.</subfield>
  </datafield>
  <datafield tag="650" ind1=" " ind2="4">
   <subfield code="a">Women</subfield>
   <subfield code="x">Employment</subfield>
   <subfield code="x">Health and hygiene</subfield>
   <subfield code="z">Canada.</subfield>
  </datafield>
  <datafield tag="650" ind1=" " ind2="4">
   <subfield code="a">Women</subfield>
   <subfield code="x">Health and hygiene</subfield>
   <subfield code="z">Canada.</subfield>
  </datafield>
  <datafield tag="650" ind1=" " ind2="4">
   <subfield code="a">Workplace.</subfield>
  </datafield>
  <datafield tag="650" ind1=" " ind2="4">
   <subfield code="a">Human engineering.</subfield>
  </datafield>
  <datafield tag="650" ind1=" " ind2="4">
   <subfield code="a">Occupational health.</subfield>
  </datafield>
  <datafield tag="650" ind1=" " ind2="4">
   <subfield code="a">Working women.</subfield>
  </datafield>
  <datafield tag="650" ind1=" " ind2="4">
   <subfield code="a">Εργασία.</subfield>
  </datafield>
  <datafield tag="650" ind1=" " ind2="4">
   <subfield code="a">Γυναίκα.</subfield>
  </datafield>
  <datafield tag="650" ind1=" " ind2="4">
   <subfield code="a">Πολιτική για την υγεία.</subfield>
  </datafield>
  <datafield tag="650" ind1=" " ind2="4">
   <subfield code="a">Εργονομία.</subfield>
  </datafield>
  <datafield tag="650" ind1=" " ind2="4">
   <subfield code="a">Βιομηχανική ασφάλεια.</subfield>
  </datafield>
  <datafield tag="650" ind1=" " ind2="4">
   <subfield code="a">Messing, Karen.</subfield>
  </datafield>
  <datafield tag="700" ind1="1" ind2=" ">
   <subfield code="a">Κορρέ, Μαρία.</subfield>
  </datafield>
  <datafield tag="710" ind1="2" ind2=" ">
   <subfield code="a">Ενωση Διπλωματούχων Ελληνίδων Μηχανικών.</subfield>
  </datafield>
  <datafield tag="852" ind1=" " ind2=" ">
   <subfield code="a">INST</subfield>
   <subfield code="b">UNIPILB</subfield>
   <subfield code="c">MAIN</subfield>
   <subfield code="e">20191111</subfield>
   <subfield code="h">305.42 ΕΝΣ</subfield>
   <subfield code="p">00181953</subfield>
   <subfield code="q">00181953</subfield>
   <subfield code="t">LOAN</subfield>
   <subfield code="y">4</subfield>
   <subfield code="x">20230403</subfield>
   <subfield code="4">1</subfield>
  </datafield>
 </record>
</collection>
